Marketing : (Record no. 22409)
[ view plain ]
| 000 -LEADER | |
|---|---|
| fixed length control field | 01022cam a22003255a 4500 |
| 001 - CONTROL NUMBER | |
| control field | 017372176 |
| 003 - CONTROL NUMBER IDENTIFIER | |
| control field | OSt |
| 005 - DATE AND TIME OF LATEST TRANSACTION | |
| control field | 20160926125535.0 |
| 008 - FIXED-LENGTH DATA ELEMENTS--GENERAL INFORMATION | |
| fixed length control field | 150518t2015 enka frbd 001 0 eng d |
| 020 ## - INTERNATIONAL STANDARD BOOK NUMBER | |
| International Standard Book Number | 9781292097756 |
| 020 ## - INTERNATIONAL STANDARD BOOK NUMBER | |
| International Standard Book Number | 1292097752 |
| 040 ## - CATALOGING SOURCE | |
| Original cataloging agency | StDuBDS |
| Language of cataloging | eng |
| Transcribing agency | StDuBDS |
| Modifying agency | Uk |
| -- | EG-ScBUE |
| 082 04 - DEWEY DECIMAL CLASSIFICATION NUMBER | |
| Classification number | 658.8002373 |
| Edition number | 22 |
| Item number | SOL |
| 100 1# - MAIN ENTRY--PERSONAL NAME | |
| Personal name | Solomon, Michael R. |
| 9 (RLIN) | 12282 |
| 245 10 - TITLE STATEMENT | |
| Title | Marketing : |
| Remainder of title | real people, real choices / |
| Statement of responsibility, etc | Michael R. Solomon, Greg W. Marshall, Elnora W. Stuart. |
| 250 ## - EDITION STATEMENT | |
| Edition statement | 8th ed., Global ed. |
| 260 ## - PUBLICATION, DISTRIBUTION, ETC. (IMPRINT) | |
| Place of publication, distribution, etc | Harlow : |
| Name of publisher, distributor, etc | Pearson Education Limited, |
| Date of publication, distribution, etc | c.2015. |
| 300 ## - PHYSICAL DESCRIPTION | |
| Extent | 569 p. : |
| Other physical details | ill. ; |
| Dimensions | 28 cm. |
| 500 ## - GENERAL NOTE | |
| General note | Includes indexes. |
| 500 ## - GENERAL NOTE | |
| General note | Includes student access code : My Marketing Lab. |
| 500 ## - GENERAL NOTE | |
| General note | Glossary : p. 540-554. |
| 504 ## - BIBLIOGRAPHY, ETC. NOTE | |
| Bibliography, etc | Bibliography : p. 524-539. |
| 650 #7 - SUBJECT ADDED ENTRY--TOPICAL TERM | |
| Topical term or geographic name as entry element | Marketing. |
| Source of heading or term | BUEsh |
| 9 (RLIN) | 4499 |
| 651 ## - SUBJECT ADDED ENTRY--GEOGRAPHIC NAME | |
| Source of heading or term | BUEsh |
| 653 ## - INDEX TERM--UNCONTROLLED | |
| Resource For college | BAEPS, Business Administration |
| Arrived date list | September2016 |
| 655 ## - INDEX TERM--GENRE/FORM | |
| Form subdivision | Reading book |
| -- | 34232 |
| 700 1# - ADDED ENTRY--PERSONAL NAME | |
| Personal name | Marshall, Greg W. |
| 700 1# - ADDED ENTRY--PERSONAL NAME | |
| Personal name | Stuart, Elnora W. |
| 942 ## - ADDED ENTRY ELEMENTS (KOHA) | |
| Source of classification or shelving scheme | Dewey Decimal Classification |
| Withdrawn status | Item status | Source of classification or shelving scheme | Damaged status | Not for loan | Vendor | Home library | Current library | Shelving location | Date acquired | Source of acquisition | Total Checkouts | Total Renewals | Full call number | Barcode | Date last seen | Date last borrowed | Koha item type |
|---|---|---|---|---|---|---|---|---|---|---|---|---|---|---|---|---|---|
| Dewey Decimal Classification | Baccah | Central Library | Central Library | First floor | 26/09/2016 | Purchase | 4 | 12 | 658.8002373 SOL | 000033695 | 15/07/2025 | 04/10/2018 | Book - Borrowing | ||||
| Dewey Decimal Classification | Baccah | Central Library | Central Library | First floor | 26/09/2016 | Purchase | 4 | 10 | 658.8002373 SOL | 000033696 | 15/07/2025 | 21/11/2018 | Book - Borrowing | ||||
| Dewey Decimal Classification | Baccah | Central Library | Central Library | First floor | 26/09/2016 | Purchase | 1 | 658.8002373 SOL | 000033697 | 15/07/2025 | 28/11/2017 | Book - Borrowing |